[Event "Barcelona Tupinamba op 9th"]
[Site "Barcelona"]
[Date "2014.05.14"]
[Round "9"]
[White "Serrano Pertinez, Miquel"]
[Black "De Figueiredo Coutinho, Milton"]
[Result "1-0"]
[WhiteElo "2246"]
[BlackElo "1817"]
[PlyCount "83"]
[EventDate "2014.03.12"]
[EventType "swiss"]
[EventRounds "9"]
[EventCountry "ESP"]
[SourceTitle "EXT 2016"]
[Source "ChessBase"]
[SourceDate "2015.10.08"]
[SourceVersion "1"]
[SourceVersionDate "2015.10.08"]
[SourceQuality "1"]

1. b3 e5 2. Bb2 Nc6 3. e3 Bc5 4. Bb5 d6 5. d4 exd4 6. exd4 Qf6 7. Qf3 Bxd4 8. Bxc6+ bxc6 9. Qxc6+ Kd8 10. Bxd4 Qxd4 11. c3 Qe5+ 12. Ne2 Rb8 13. Qc4 Rb6 14. Qd4 Qg5 15. 0-0 Bb7 16. Ng3 Ne7 17. f4 Qg6 18. f5 Qg5 19. Nd2 Nc6 20. Nde4 Qh6 21. Qd2 Qxd2 22. Nxd2 Re8 23. Nh5 Re2 24. Nc4 Ne5 25. Nf4 Rc2 26. Nxb6 axb6 27. c4 Nd3 28. Nd5 Nb4 29. Ne3 Re2 30. Rfe1 Rd2 31. Red1 Re2 32. Nd5 Nc2 33. Rac1 Ne3 34. Nxe3 Rxe3 35. Rd2 Re5 36. Rf1 Ke7 37. f6+ gxf6 38. Rdf2 Rg5 39. Re2+ Kf8 40. Rxf6 Kg7 41. Rf4 Bc8 42. Re7 1-0

[Event "Barcelona Tupinamba op 9th"]
[Site "Barcelona"]
[Date "2014.04.02"]
[Round "4"]
[White "Dominguez Rueda, Juan"]
[Black "De Figueiredo Coutinho, Milton"]
[Result "1-0"]
[WhiteElo "2209"]
[BlackElo "1817"]
[PlyCount "71"]
[EventDate "2014.03.12"]
[EventType "swiss"]
[EventRounds "9"]
[EventCountry "ESP"]
[SourceTitle "EXT 2016"]
[Source "ChessBase"]
[SourceDate "2015.10.08"]
[SourceVersion "1"]
[SourceVersionDate "2015.10.08"]
[SourceQuality "1"]

1. e4 c5 2. Nf3 a6 3. c3 d5 4. exd5 Qxd5 5. d4 Nc6 6. Be2 Bg4 7. h3 Bf5 8. dxc5 Qxd1+ 9. Bxd1 e5 10. Be3 Bd3 11. Ba4 f6 12. Na3 Nge7 13. Rd1 0-0-0 14. Bc2 Bxc2 15. Rxd8+ Nxd8 16. Nxc2 Nd5 17. b4 Nxc3 18. a3 Ne6 19. Bd2 Ne4 20. Bc1 Be7 21. Nd2 Nc3 22. Nc4 Rd8 23. Nb6+ Kb8 24. Ne3 Nf4 25. 0-0 Nd3 26. Nf5 Bf8 27. Be3 a5 28. Ra1 axb4 29. axb4 Nxb4 30. Bd2 Ncd5 31. Ra8+ Kc7 32. Nxd5+ Nxd5 33. Ba5+ b6 34. cxb6+ Nxb6 35. Bxb6+ Kxb6 36. Rxd8 1-0